• 首页
  • 本馆介绍
  • 公告通知
  • 最新文献
  • 馆藏检索
  • 电子资源
  • 读者导购
  • 参考咨询
  • 我的图书馆
  • 登录
  • 详细信息显示
  • 放入我的书架
  • 预约/预借图书
  • 作者相关作品
  • 分类相关作品
  • 丛书相关作品
  • 出版社相关作品

书目信息

  • 表格格式
  • 工作单格式
  • 卡片格式
题名:
体育与大学生社会化
    
 
作者: 李树旺 著
分册:  
出版信息: 北京   北京体育大学出版社  2010
页数: 177页
开本: 24cm
丛书名: 中国体育博士文丛
单 册:
中图分类: G80-05 , G807.4
科图分类:
主题词: 体育运动社会学--研究 , 高等学校--学校体育--研究 , 体育运动社会学 , 高等学校 , 学校体育
电子资源:
ISBN: 978-7-5644-0436-9
000 01172oam2 2200325 45
001 1130718593
005 20110310092727.29
010    @a978-7-5644-0436-9@dCNY33.00
100    @a20110122d2010 em y0chiy50 ea
101 0  @achi@deng
102    @aCN@b110000
105    @ay z 000yy
106    @ar
200 1  @a体育与大学生社会化@ATi Yu Yu Da Xue Sheng She Hui Hua@e一个体育社会学的视角@EYi Ge Ti Yu She Hui Xue De Shi Jiao@f李树旺著@FLi Shu Wang Zhu
210    @a北京@c北京体育大学出版社@d2010
215    @a177页@d24cm
225 2  @a中国体育博士文丛
330    @a本书内容包括:体育与社会化:研究综述;我国大学生的社会化;概念的操作化及调查方案;问卷调查及其数据分析;体育与大学生社会化的定性研究;研究结论及体育改革的对策。
461  0 @12001 @a中国体育博士文丛
517 1  @a一个体育社会学的视角@AYi Ge Ti Yu She Hui Xue De Shi Jiao
606 0  @a体育运动社会学@x研究
606 0  @a高等学校@x学校体育@x研究
606 0  @a体育运动社会学
606 0  @a高等学校
606 0  @a学校体育
690    @aG80-05@v4
690    @aG807.4@v4
701  0 @a李树旺@ALi Shu Wang@f(1967~)@4著
801  0 @aCN@bTANGWEI@c20110310
905    @b0531659-62@dG80-05@e430@f4
    
    体育与大学生社会化:一个体育社会学的视角/李树旺著.-北京:北京体育大学出版社,2010
    177页;24cm.-(中国体育博士文丛)
    
    
    ISBN 978-7-5644-0436-9:CNY33.00
    本书内容包括:体育与社会化:研究综述;我国大学生的社会化;概念的操作化及调查方案;问卷调查及其数据分析;体育与大学生社会化的定性研究;研究结论及体育改革的对策。
●
相关链接 在E读中查询图书 在五车中查询图书 在当当中查询图书 在豆瓣中查询图书


正题名:体育与大学生社会化     索取号:G80-05/430         预约/预借

序号 登录号 条形码 馆藏地/架位号 状态 备注
1 0531659   205316594   第一样本阅览室/ [索取号:G80-05/430] 在馆    
2 0531660   205316601   第四借阅区/ [索取号:G80-05/430] 在馆    
3 0531661   205316610   第四借阅区/ [索取号:G80-05/430] 在馆    
4 0531662   205316629   密集书库-体育系/ [索取号:G80-05/430] 在馆    
唐山师范学院图书馆 欢迎您!
大连网信软件有限公司© 版权所有